Coupe du Monde Rugby: Géorgie - Statistiques

Statistiques générales
  • Ce quiz a été pris 49 fois
  • Le résultat moyen est 13 sur 15
Statistiques - réponses
Réponse % Correct
France
100%
Angleterre
97%
Argentine
97%
Australie
97%
Pays de Galles
97%
Ecosse
95%
Nouvelle-Zélande
95%
Irlande
92%
Afrique du Sud
89%
Fidji
87%
Tonga
87%
Namibie
84%
Samoa
82%
Uruguay
76%
Roumanie
71%
Aucun quiz correspondant
Distribution des résultats
% des personnes avec chaque résultat
Percentile par nombre de réponses
Votre historique - résultats
Vous n’avez pas pris ce quiz